书目信息 |
| 题名: |
铜冶炼工艺
|
|
| 作者: | 李明照 , 许并社 编著 | |
| 分册: | ||
| 出版信息: | 北京 化学工业出版社 2007 |
|
| 页数: | ||
| 开本: | 20cm | |
| 丛书名: | ||
| 单 册: | ||
| 中图分类: | TF811 | |
| 科图分类: | ||
| 主题词: | 重有色金属--有色金属冶金 | |
| 电子资源: | ||
| ISBN: | 978-7-5025-9677-4 | |
| 000 | 00582nam0 2200193 450 | |
| 001 | 0754114953 | |
| 005 | 20070929150154.95 | |
| 010 | @a978-7-5025-9677-4 | |
| 100 | @a20070929d km y0chiy0120 ea | |
| 101 | 0 | @achi |
| 200 | 1 | @a铜冶炼工艺@Atong ye lian gong yi@f许并社,李明照 编著@Fxu bing she,li ming zhao bian zhu |
| 210 | @a北京@c化学工业出版社@d2007 | |
| 215 | @c插图@d20cm | |
| 606 | 0 | @a重有色金属@x有色金属冶金 |
| 690 | @aTF811@v3 | |
| 701 | 0 | @a李明照@Ali ming zhao@4编著 |
| 701 | 0 | @a许并社@Axu bing she@4编著 |
| 801 | 0 | @aCN@bPFT@c20070929 |
| 905 | @a213230@dTF811@eh3@f1 | |
| 铜冶炼工艺/许并社,李明照 编著.-北京:化学工业出版社,2007 |
| 插图;20cm |
| ISBN 978-7-5025-9677-4: |
| ● |
| 相关链接 |
|
|
|
|
正题名:铜冶炼工艺
索取号:TF811/h3
 
预约/预借
| 序号 | 登录号 | 条形码 | 馆藏地/架位号 | 状态 | 备注 |
| 1 | 6002340 | 260023405 | 密集书库-化学系/ [索取号:TF811/h3] | 在馆 | |
| 2 | 6002341 | 260023414 | 密集书库-化学系/ [索取号:TF811/h3] | 在馆 |